[Event "Sharjah Blitz op 27th"]
[Site "Sharjah"]
[Date "2022.04.08"]
[Round "2"]
[White "Salem, AR Saleh"]
[Black "Charida, Alaa"]
[Result "1-0"]
[WhiteElo "2690"]
[BlackElo "1567"]
[PlyCount "41"]
[EventDate "2022.04.08"]
[EventType "swiss (blitz)"]
[EventRounds "9"]
[EventCountry "UAE"]
[SourceTitle "CBM 207 Extra"]
[Source "ChessBase"]
[SourceDate "2022.05.31"]
[SourceVersion "1"]
[SourceVersionDate "2022.05.31"]
[SourceQuality "1"]

1. Nf3 Nc6 2. d4 d5 3. g3 Bg4 4. Bg2 Nf6 5. 0-0 Qd7 6. c4 Bh3 7. Ne5 Nxe5 8. dxe5 Bxg2 9. Kxg2 Ng4 10. cxd5 Nxe5 11. Qb3 0-0-0 12. Nc3 h5 13. h4 f6 14. Bf4 Nf7 15. Rac1 g5 16. Nb5 gxf4 17. Rfd1 Qg4 18. Rxc7+ Kb8 19. Rdc1 fxg3 20. Rxb7+ Ka8 21. Nc7# 1-0

[Event "Sharjah Rapid op 27th"]
[Site "Sharjah"]
[Date "2022.04.06"]
[Round "3"]
[White "Charida, Alaa"]
[Black "Dimakiling, Oliver"]
[Result "0-1"]
[WhiteElo "1567"]
[BlackElo "2420"]
[PlyCount "62"]
[EventDate "2022.04.06"]
[EventType "swiss (rapid)"]
[EventRounds "9"]
[EventCountry "UAE"]
[SourceTitle "CBM 207 Extra"]
[Source "ChessBase"]
[SourceDate "2022.05.31"]
[SourceVersion "1"]
[SourceVersionDate "2022.05.31"]
[SourceQuality "1"]

1. e4 c5 2. Nf3 Nc6 3. d4 cxd4 4. Nxd4 Nf6 5. Nc3 d6 6. Be3 Bd7 7. Be2 g6 8. Qd2 Bg7 9. Nb3 0-0 10. Bh6 a5 11. a4 Rc8 12. h4 Ne5 13. h5 Bxh6 14. Qxh6 Rxc3 15. bxc3 Qc7 16. Qe3 Rc8 17. hxg6 fxg6 18. f4 Neg4 19. Qd4 e5 20. fxe5 dxe5 21. Qd3 Be6 22. Nd2 Rd8 23. Qg3 Rxd2 24. Rf1 Rxe2+ 25. Kxe2 Nxe4 26. Qd3 Bc4 27. Rad1 Ng3+ 28. Kf3 Bxd3 29. Rxd3 e4+ 30. Kxg4 exd3 31. cxd3 Nxf1 0-1